[Event "Madrid ch 2002-2003 - Final"]
[Site "Madrid ESP"]
[Date "2003.03.20"]
[Round "9.3"]
[White "Perez Gonzalez, Jose Manuel"]
[Black "Paredes Sanchez, Juan"]
[Result "0-1"]
[WhiteElo "2238"]
[BlackElo "2182"]
[PlyCount "96"]
[EventDate "2003.03.10"]
[EventType "tourn"]
[EventRounds "11"]
[EventCountry "ESP"]
[EventCategory "1"]
[Source "lmi"]
[SourceDate "2003.03.10"]

1. e4 c5 2. Nf3 d6 3. d4 cxd4 4. Nxd4 Nf6 5. Nc3 a6 6. Bc4 b5 7. Bb3 e6 8. O-O
Be7 9. Qf3 Qb6 10. Bg5 O-O 11. Rad1 Bb7 12. Rfe1 Nc6 13. Nxc6 Qxc6 14. Qg3 Rfd8
15. Re3 b4 16. Nb1 Nxe4 17. Rxe4 Bxg5 18. Rc4 Qb5 19. Qg4 a5 20. Rc7 Bf6 21.
Bc4 Qb6 22. Rxf7 d5 23. Rxf6 dxc4 24. Re1 Bd5 25. Nd2 Rf8 26. Rxf8+ Rxf8 27.
Qe2 Qd4 28. b3 c3 29. Nf1 a4 30. Ne3 axb3 31. axb3 h6 32. Nxd5 exd5 33. Qe3
Qxe3 34. Rxe3 Ra8 35. Kf1 Ra1+ 36. Ke2 Rc1 37. Rd3 Rxc2+ 38. Ke3 Rb2 39. Rxd5
Rxb3 40. Rc5 Kf7 41. Kd3 Ke6 42. Rc7 Rb2 43. Rxg7 Rd2+ 44. Ke3 b3 45. Rb7 b2
46. Rb6+ Kd5 47. Rb8 Kc4 48. f4 Rd1 0-1

[Event "Madrid ch 2002-2003 - Final"]
[Site "Madrid ESP"]
[Date "2003.03.20"]
[Round "9.4"]
[White "Almagro Llanas, Pablo"]
[Black "Roa Alonso, Santiago"]
[Result "1/2-1/2"]
[WhiteElo "2345"]
[BlackElo "2326"]
[PlyCount "32"]
[EventDate "2003.03.10"]
[EventType "tourn"]
[EventRounds "11"]
[EventCountry "ESP"]
[EventCategory "1"]
[Source "lmi"]
[SourceDate "2003.03.10"]

1. e4 d6 2. d4 Nf6 3. Nc3 g6 4. Bg5 c6 5. Bd3 Bg7 6. Nf3 Bg4 7. h3 Bxf3 8. Qxf3
Nbd7 9. O-O O-O 10. Qe2 e5 11. dxe5 dxe5 12. Be3 Qc7 13. a4 a5 14. Nb1 Nc5 15.
Nd2 Nfd7 16. c3 Bf6 1/2-1/2

[Event "Madrid ch 2002-2003 - Final"]
[Site "Madrid ESP"]
[Date "2003.03.20"]
[Round "9.5"]
[White "Vazquez Igarza, Renier"]
[Black "De la Fuente Gonzalez, Francisco"]
[Result "1/2-1/2"]
[WhiteElo "2428"]
[BlackElo "2227"]
[PlyCount "40"]
[EventDate "2003.03.10"]
[EventType "tourn"]
[EventRounds "11"]
[EventCountry "ESP"]
[EventCategory "1"]
[Source "lmi"]
[SourceDate "2003.03.10"]

1. e4 e5 2. Nf3 Nf6 3. Nxe5 d6 4. Nf3 Nxe4 5. d4 d5 6. Bd3 Be7 7. O-O Nc6 8. c4
Nb4 9. Be2 O-O 10. Nc3 Bf5 11. a3 Nxc3 12. bxc3 Nc6 13. Re1 dxc4 14. Bxc4 Bf6
15. Bf4 Qd7 16. Ra2 Na5 17. Bd3 Bxd3 18. Qxd3 Rae8 19. Be5 Bxe5 20. Nxe5 f6
1/2-1/2

[Event "Madrid ch 2002-2003 - Final"]
[Site "Madrid ESP"]
[Date "2003.03.20"]
[Round "9.6"]
[White "Longa Yauca, Javier"]
[Black "Rodriguez Gonzalez, Jose Manuel"]
[Result "1-0"]
[WhiteElo "2354"]
[BlackElo "2159"]
[PlyCount "55"]
[EventDate "2003.03.10"]
[EventType "tourn"]
[EventRounds "11"]
[EventCountry "ESP"]
[EventCategory "1"]
[Source "lmi"]
[SourceDate "2003.03.10"]

1. d4 d5 2. Nf3 Nf6 3. c4 e6 4. Bg5 Nbd7 5. Nc3 c6 6. cxd5 exd5 7. e3 Be7 8.
Bd3 O-O 9. O-O Re8 10. Qc2 Nf8 11. a3 Ne4 12. Bxe7 Qxe7 13. Bxe4 dxe4 14. Nd2
f5 15. Rac1 Be6 16. Ne2 Ng6 17. Qc5 Qf6 18. Ng3 Bd5 19. Rfe1 Re6 20. Ne2 f4 21.
Nxf4 Nxf4 22. exf4 Qxf4 23. Nf1 Rf8 24. Rc2 Rg6 25. Ne3 Qg5 26. Qxa7 b5 27. Qc5
Qh4 28. Nxd5 1-0

[Event "Madrid ch 2002-2003 - Final"]
[Site "Madrid ESP"]
[Date "2003.03.21"]
[Round "10.1"]
[White "Anghel, Valentin"]
[Black "Rodriguez Gonzalez, Jose Manuel"]
[Result "0-1"]
[WhiteElo "2382"]
[BlackElo "2159"]
[PlyCount "46"]
[EventDate "2003.03.10"]
[EventType "tourn"]
[EventRounds "11"]
[EventCountry "ESP"]
[EventCategory "1"]
[Source "lmi"]
[SourceDate "2003.03.10"]

1. c4 e6 2. Nc3 d5 3. g3 Nf6 4. Bg2 Be7 5. Nf3 O-O 6. b3 Nbd7 7. Bb2 b6 8. O-O
Bb7 9. d3 c5 10. e3 Rc8 11. Qc2 Qc7 12. Rad1 Rfd8 13. Rd2 Qb8 14. Rfd1 Qa8 15.
Qb1 d4 16. Ne4 Nxe4 17. dxe4 Bxe4 18. Ne1 Bxb1 19. Bxa8 Bxa2 20. Bb7 Rb8 21.
Ba6 Bxb3 22. Rb1 dxe3 23. fxe3 Ba4 0-1

[Event "Madrid ch 2002-2003 - Final"]
[Site "Madrid ESP"]
[Date "2003.03.21"]
[Round "10.2"]
[White "De la Fuente Gonzalez, Francisco"]
[Black "Longa Yauca, Javier"]
[Result "1/2-1/2"]
[WhiteElo "2227"]
[BlackElo "2354"]
[PlyCount "45"]
[EventDate "2003.03.10"]
[EventType "tourn"]
[EventRounds "11"]
[EventCountry "ESP"]
[EventCategory "1"]
[Source "lmi"]
[SourceDate "2003.03.10"]

1. d4 Nf6 2. Nf3 d6 3. c4 g6 4. Nc3 Bg7 5. e4 O-O 6. Be2 e5 7. d5 Nbd7 8. Bg5
h6 9. Bh4 g5 10. Bg3 Nc5 11. Nd2 Nh7 12. b4 Na6 13. a3 f5 14. exf5 Bxf5 15.
Nde4 Nf6 16. Bd3 Nxe4 17. Bxe4 Qe8 18. h4 Qg6 19. h5 Qh7 20. Qe2 Nb8 21. Rc1
Nd7 22. Bxf5 Qxf5 23. Ne4 1/2-1/2

[Event "Madrid ch 2002-2003 - Final"]
[Site "Madrid ESP"]
[Date "2003.03.21"]
[Round "10.3"]
[White "Roa Alonso, Santiago"]
[Black "Vazquez Igarza, Renier"]
[Result "1/2-1/2"]
[WhiteElo "2326"]
[BlackElo "2428"]
[PlyCount "77"]
[EventDate "2003.03.10"]
[EventType "tourn"]
[EventRounds "11"]
[EventCountry "ESP"]
[EventCategory "1"]
[Source "lmi"]
[SourceDate "2003.03.10"]

1. e4 c5 2. Nf3 Nc6 3. d4 cxd4 4. Nxd4 e6 5. Nc3 a6 6. Be3 Nf6 7. Bd3 Qc7 8.
O-O b5 9. Nxc6 Qxc6 10. a3 Bb7 11. Qf3 Bd6 12. Bf4 Bxf4 13. Qxf4 O-O 14. Rae1
d6 15. Re3 Qc5 16. Qh4 h6 17. Rfe1 Rfd8 18. h3 Rac8 19. Nb1 Qe5 20. c3 d5 21.
exd5 Qxd5 22. Rg3 Kf8 23. a4 Qb3 24. axb5 axb5 25. Bf1 Qxb2 26. Qb4+ Qxb4 27.
cxb4 Rd4 28. Nc3 Rxb4 29. Nxb5 Rc2 30. Rc3 Rd2 31. Rc7 Ba6 32. Na7 Nd5 33. Rd7
Bb7 34. Bb5 Rxb5 35. Nxb5 Bc6 36. Rd8+ Ke7 37. Rb8 Rb2 38. Nd4 Bb7 39. Nf3
1/2-1/2

[Event "Madrid ch 2002-2003 - Final"]
[Site "Madrid ESP"]
[Date "2003.03.21"]
[Round "10.6"]
[White "Barez Menendez, Hector"]
[Black "Rodriguez Cordon, Luis"]
[Result "0-1"]
[WhiteElo "2215"]
[BlackElo "2207"]
[PlyCount "86"]
[EventDate "2003.03.10"]
[EventType "tourn"]
[EventRounds "11"]
[EventCountry "ESP"]
[EventCategory "1"]
[Source "lmi"]
[SourceDate "2003.03.10"]

1. Nf3 c5 2. c4 g6 3. g3 Bg7 4. Bg2 Nc6 5. Nc3 Nh6 6. h4 d6 7. h5 Bg4 8. d3 Qd7
9. Bxh6 Bxh6 10. hxg6 hxg6 11. Qc1 Bg7 12. Rxh8+ Bxh8 13. Qf4 Nd4 14. Nxd4 Bxd4
15. Nd5 Be6 16. O-O-O Rb8 17. Rh1 Qa4 18. Qxd4 cxd4 19. Rh8+ Kd7 20. Rxb8 Bxd5
21. Bxd5 e6 22. Rxb7+ Ke8 23. Bf3 Qxa2 24. Bc6+ Kf8 25. Rd7 Qa5 26. Kc2 Qc5 27.
Bf3 d5 28. b3 a5 29. Rb7 dxc4 30. dxc4 Qa3 31. Bc6 Qa2+ 32. Kd1 Qb1+ 33. Kd2
Qb2+ 34. Kd1 Qb1+ 35. Kd2 Qg1 36. Rb8+ Kg7 37. Rb7 Qxf2 38. Be8 Qe3+ 39. Kd1
Qg1+ 40. Kd2 Qe3+ 41. Kd1 Kf8 42. Bxf7 d3 43. exd3 Qxd3+ 0-1

[Event "Madrid ch 2002-2003 - Final"]
[Site "Madrid ESP"]
[Date "2003.03.24"]
[Round "11.2"]
[White "Perez Gonzalez, Jose Manuel"]
[Black "Barez Menendez, Hector"]
[Result "1-0"]
[WhiteElo "2238"]
[BlackElo "2215"]
[PlyCount "123"]
[EventDate "2003.03.10"]
[EventType "tourn"]
[EventRounds "11"]
[EventCountry "ESP"]
[EventCategory "1"]
[Source "lmi"]
[SourceDate "2003.03.10"]

1. e4 e5 2. Bc4 Nf6 3. d3 c6 4. Nf3 Be7 5. Bb3 O-O 6. O-O d6 7. h3 Nbd7 8. c3
Qc7 9. Re1 h6 10. d4 b5 11. Nh4 Re8 12. Nf5 Bf8 13. Qf3 d5 14. Qg3 Kh7 15. exd5
Nh5 16. Qf3 Ndf6 17. Ng3 Nxg3 18. Qxg3 Bd6 19. dxe5 Bxe5 20. f4 Bxf4 21. Bxf4
Rxe1+ 22. Qxe1 Qxf4 23. dxc6 Bf5 24. Na3 Re8 25. Qf2 Qg5 26. Bc2 Ne4 27. Qf3 g6
28. Bxe4 Rxe4 29. Rf1 Re5 30. Nc2 Be6 31. Qf4 Qxf4 32. Rxf4 Rc5 33. Nd4 Bxa2
34. Re4 a5 35. Re7 b4 36. cxb4 axb4 37. b3 Rc1+ 38. Kh2 Kg7 39. Rb7 Bxb3 40.
Nxb3 Rxc6 41. Rxb4 Re6 42. Rf4 Rb6 43. Nd4 Rd6 44. Kg3 f5 45. h4 Rd5 46. Kf2
Kf6 47. Nf3 g5 48. Rd4 Rxd4 49. Nxd4 gxh4 50. Nf3 f4 51. Ng1 Kg5 52. Kf3 h3 53.
Nxh3+ Kh4 54. Nxf4 h5 55. Nxh5 Kxh5 56. Kf4 Kg6 57. Kg4 Kg7 58. Kg5 Kh7 59. Kf6
Kh6 60. g4 Kh7 61. g5 Kg8 62. Kg6 1-0

[Event "Madrid ch 2002-2003 - Final"]
[Site "Madrid ESP"]
[Date "2003.03.24"]
[Round "11.3"]
[White "Almagro Llanas, Pablo"]
[Black "Solaesa Navalpotro, Luis Julio"]
[Result "1/2-1/2"]
[WhiteElo "2345"]
[BlackElo "2188"]
[PlyCount "42"]
[EventDate "2003.03.10"]
[EventType "tourn"]
[EventRounds "11"]
[EventCountry "ESP"]
[EventCategory "1"]
[Source "lmi"]
[SourceDate "2003.03.10"]

1. e4 c5 2. Nf3 Nf6 3. Nc3 d5 4. exd5 Nxd5 5. Bb5+ Bd7 6. Ne5 Nf6 7. Nxd7 Nbxd7
8. d4 cxd4 9. Qxd4 a6 10. Be2 Qc7 11. O-O e6 12. Qc4 Qxc4 13. Bxc4 Rc8 14. Be2
Bb4 15. Bd2 Ne5 16. a3 Ba5 17. Rac1 Nc4 18. Bxc4 Rxc4 19. Ne4 Rxe4 20. Bxa5 b5
21. b3 Kd7 1/2-1/2

[Event "Madrid ch 2002-2003 - Final"]
[Site "Madrid ESP"]
[Date "2003.03.24"]
[Round "11.4"]
[White "Vazquez Igarza, Renier"]
[Black "Paredes Sanchez, Juan"]
[Result "1-0"]
[WhiteElo "2428"]
[BlackElo "2182"]
[PlyCount "64"]
[EventDate "2003.03.10"]
[EventType "tourn"]
[EventRounds "11"]
[EventCountry "ESP"]
[EventCategory "1"]
[Source "lmi"]
[SourceDate "2003.03.10"]

1. e4 c5 2. Nf3 d6 3. d4 cxd4 4. Nxd4 Nf6 5. Nc3 a6 6. Be3 e5 7. Nb3 Be6 8. f3
Nbd7 9. g4 b5 10. g5 b4 11. Ne2 Nh5 12. Qd2 a5 13. Ng3 Nxg3 14. hxg3 a4 15. Nc1
Qa5 16. Bh3 d5 17. exd5 Qxd5 18. Qxd5 Bxd5 19. Nd3 Rd8 20. Kf2 Bd6 21. Bd2 Rb8
22. b3 a3 23. Rae1 f6 24. Bxd7+ Kxd7 25. gxf6 gxf6 26. Rh4 Rbc8 27. Rc1 f5 28.
Bxb4 e4 29. Rh6 Bf8 30. Ne5+ Ke8 31. Bxf8 Kxf8 32. c4 Kg7 1-0

[Event "Madrid ch 2002-2003 - Final"]
[Site "Madrid ESP"]
[Date "2003.03.24"]
[Round "11.5"]
[White "Longa Yauca, Javier"]
[Black "Roa Alonso, Santiago"]
[Result "1/2-1/2"]
[WhiteElo "2354"]
[BlackElo "2326"]
[PlyCount "81"]
[EventDate "2003.03.10"]
[EventType "tourn"]
[EventRounds "11"]
[EventCountry "ESP"]
[EventCategory "1"]
[Source "lmi"]
[SourceDate "2003.03.10"]

1. c4 Nf6 2. Nc3 g6 3. g3 Bg7 4. Bg2 c5 5. e3 Nc6 6. Nge2 d6 7. d4 Bd7 8. O-O
Qc8 9. Re1 h5 10. h4 Bh3 11. Bh1 Bg4 12. f3 Bd7 13. e4 cxd4 14. Nxd4 Nxd4 15.
Qxd4 O-O 16. Qd3 Be6 17. Nd5 Nxd5 18. cxd5 Bd7 19. Rb1 e6 20. dxe6 Bxe6 21. b3
d5 22. Bg5 dxe4 23. fxe4 Qc5+ 24. Be3 Qa5 25. Qe2 Rad8 26. Bf3 Bd4 27. Bxd4
Rxd4 28. Red1 Rfd8 29. Rxd4 Rxd4 30. Rb2 Qe5 31. Kf2 g5 32. hxg5 h4 33. gxh4
Qf4 34. h5 Rd8 35. Qe3 Qh2+ 36. Bg2 Rd1 37. Re2 Bg4 38. Re1 Qh4+ 39. Kf1 Rxe1+
40. Qxe1 Qxg5 41. Qg3 1/2-1/2

[Event "Madrid ch 2002-2003 - Final"]
[Site "Madrid ESP"]
[Date "2003.03.24"]
[Round "11.6"]
[White "Rodriguez Gonzalez, Jose Manuel"]
[Black "De la Fuente Gonzalez, Francisco"]
[Result "1/2-1/2"]
[WhiteElo "2159"]
[BlackElo "2227"]
[PlyCount "26"]
[EventDate "2003.03.10"]
[EventType "tourn"]
[EventRounds "11"]
[EventCountry "ESP"]
[EventCategory "1"]
[Source "lmi"]
[SourceDate "2003.03.10"]

1. d4 f5 2. g3 Nf6 3. Bg2 g6 4. Nh3 Bg7 5. Nf4 O-O 6. h4 d6 7. d5 c6 8. c4 Qe8
9. Nc3 Na6 10. Be3 e5 11. dxe6 Bxe6 12. b3 Rd8 13. Rc1 Nc5 1/2-1/2